[Event "XtraCon-Skakligaen"]
[Site "Denmark"]
[Date "2009.12.06"]
[Round "3.7"]
[White "Vovk, Oksana"]
[Black "Koch, Soren Andreas"]
[Result "0-1"]
[WhiteElo "2145"]
[BlackElo "2189"]
[PlyCount "86"]
[EventDate "2009.11.07"]
[EventType "team-tourn"]
[EventRounds "9"]
[WhiteTeam "Bronshoj"]
[BlackTeam "Nordkalotten"]
[WhiteTeamCountry "DEN"]
[BlackTeamCountry "DEN"]

1. d4 Nf6 2. c4 d6 3. Nc3 e5 4. dxe5 dxe5 5. Qxd8+ Kxd8 6. Nf3 Nbd7 7. Bg5 c6
8. O-O-O Kc7 9. Bxf6 gxf6 10. e3 Rg8 11. Ne4 Be7 12. Ng3 Nc5 13. Be2 a5 14. Nh4
Be6 15. Nhf5 Bf8 16. Rhg1 Rg5 17. Nh4 Bg4 18. f3 Be6 19. f4 Rg8 20. Nhf5 a4 21.
a3 Ra5 22. fxe5 fxe5 23. Kc2 Rg5 24. Rgf1 Ne4 25. Bd3 Nf6 26. Rde1 e4 27. Nxe4
Nxe4 28. Bxe4 Bxf5 29. Bxf5 Raxf5 30. g3 Kd6 31. e4 Rxf1 32. Rxf1 Ke6 33. Rf3
Bd6 34. b4 Rh5 35. Rf2 Rh6 36. c5 Be5 37. Rd2 Ke7 38. Kd3 Rh3 39. Rg2 h5 40.
Ke3 h4 41. Kf3 hxg3 42. hxg3 Rh1 43. g4 Rh3+ 0-1

[Event "XtraCon-Skakligaen"]
[Site "Denmark"]
[Date "2009.12.06"]
[Round "3.1"]
[White "Pedersen, Daniel V"]
[Black "Semcesen, Daniel"]
[Result "1/2-1/2"]
[WhiteElo "2303"]
[BlackElo "2460"]
[PlyCount "74"]
[EventDate "2009.11.07"]
[EventType "team-tourn"]
[EventRounds "9"]
[WhiteTeam "Aalborg"]
[BlackTeam "K41"]
[WhiteTeamCountry "DEN"]
[BlackTeamCountry "DEN"]

1. e4 e5 2. Nf3 Nc6 3. Nc3 Nf6 4. g3 d5 5. exd5 Nxd5 6. Bg2 Nb6 7. O-O Bc5 8.
d3 O-O 9. a3 a5 10. b3 Bg4 11. h3 Bh5 12. Ne4 Be7 13. g4 Bg6 14. Bb2 f6 15. Nh4
Bf7 16. Nf5 Nd5 17. Qf3 Nf4 18. Rad1 Nxg2 19. Qxg2 Be6 20. Nxe7+ Qxe7 21. f4 f5
22. gxf5 Bxf5 23. fxe5 Nxe5 24. Ng3 Bg6 25. Qd5+ Nf7 26. Rde1 Qg5 27. Qxg5 Nxg5
28. Re7 Rxf1+ 29. Kxf1 Rf8+ 30. Kg2 Bf7 31. Rxc7 Bd5+ 32. Ne4 Rf7 33. Rc8+ Rf8
34. Rc7 Rf7 35. Rc8+ Rf8 36. Rc7 Rf7 37. Rc8+ Rf8 1/2-1/2

[Event "XtraCon-Skakligaen"]
[Site "Denmark"]
[Date "2009.12.06"]
[Round "3.2"]
[White "Lund, Silas"]
[Black "Hjorth, Torben"]
[Result "1-0"]
[WhiteElo "2411"]
[BlackElo "2165"]
[PlyCount "81"]
[EventDate "2009.11.07"]
[EventType "team-tourn"]
[EventRounds "9"]
[WhiteTeam "K41"]
[BlackTeam "Aalborg"]
[WhiteTeamCountry "DEN"]
[BlackTeamCountry "DEN"]

1. d4 d5 2. c4 e5 3. dxe5 d4 4. Nf3 Nc6 5. Nbd2 Nh6 6. Nb3 Ng4 7. Nbxd4 Nxd4 8.
Qxd4 Bb4+ 9. Bd2 Qxd4 10. Nxd4 Bxd2+ 11. Kxd2 Nxf2 12. Rg1 Be6 13. h3 Ne4+ 14.
Ke3 Ng3 15. Kf4 Nxf1 16. Nxe6 fxe6 17. Rgxf1 Rd8 18. Ke3 Rf8 19. Rf3 Rd7 20.
Raf1 Rdf7 21. b4 Ke7 22. b5 Rf5 23. Rxf5 exf5 24. h4 Ke6 25. Rd1 h6 26. Rd5 g5
27. h5 Rg8 28. a4 g4 29. Rc5 Rg7 30. g3 Rd7 31. a5 b6 32. Rc6+ Kxe5 33. Rxh6
Rd1 34. a6 Rh1 35. Rh7 Rh3 36. Rxc7 f4+ 37. Kf2 Rh2+ 38. Kg1 fxg3 39. Rxa7 Kf4
40. Rf7+ Kg5 41. a7 1-0

[Event "XtraCon-Skakligaen"]
[Site "Denmark"]
[Date "2009.12.06"]
[Round "3.3"]
[White "Nielsen, Jorgen G"]
[Black "Hagen, Andreas Skytte"]
[Result "0-1"]
[WhiteElo "2171"]
[BlackElo "2331"]
[PlyCount "80"]
[EventDate "2009.11.07"]
[EventType "team-tourn"]
[EventRounds "9"]
[WhiteTeam "Aalborg"]
[BlackTeam "K41"]
[WhiteTeamCountry "DEN"]
[BlackTeamCountry "DEN"]

1. c4 e5 2. Nc3 Nf6 3. Nf3 Nc6 4. d4 exd4 5. Nxd4 Bb4 6. Nc2 Bxc3+ 7. bxc3 Ne4
8. Qd3 Nc5 9. Qg3 Qf6 10. Qe3+ Ne6 11. Ba3 d6 12. c5 d5 13. Rd1 O-O 14. Rxd5
Nf4 15. Rd1 Bg4 16. Bc1 Nxe2 17. Bxe2 Rfe8 18. Bxg4 Qxc3+ 19. Rd2 Rxe3+ 20.
fxe3 Nb4 21. Bf5 g6 22. Be4 f5 23. O-O fxe4 24. Nxb4 Qxb4 25. Rdf2 Qc4 26. Bb2
Qxa2 27. Be5 Qd5 28. Bxc7 Rc8 29. Bd6 b6 30. Rf8+ Rxf8 31. Rxf8+ Kg7 32. Rc8
Qd1+ 33. Kf2 Qd2+ 34. Kf1 Qd1+ 35. Kf2 Qd2+ 36. Kf1 Qxe3 37. Be5+ Kf7 38. c6
Qd3+ 39. Ke1 e3 40. Bg3 Qd2+ 0-1

[Event "XtraCon-Skakligaen"]
[Site "Denmark"]
[Date "2009.12.06"]
[Round "3.4"]
[White "Greger, Roland Reinhard"]
[Black "Nielsen, Finn Winther"]
[Result "1-0"]
[WhiteElo "2382"]
[BlackElo "2028"]
[PlyCount "35"]
[EventDate "2009.11.07"]
[EventType "team-tourn"]
[EventRounds "9"]
[WhiteTeam "K41"]
[BlackTeam "Aalborg"]
[WhiteTeamCountry "DEN"]
[BlackTeamCountry "DEN"]

1. e4 e5 2. Nf3 d6 3. d4 exd4 4. Nxd4 Nf6 5. Nc3 Be7 6. f3 a6 7. Be3 O-O 8. g4
Re8 9. Qd2 Nc6 10. Nf5 Bf8 11. O-O-O Be6 12. g5 Nd7 13. Nd5 Ne7 14. Ndxe7+ Bxe7
15. h4 Ne5 16. f4 Nc4 17. Bxc4 Bxc4 18. Qc3 1-0

[Event "XtraCon-Skakligaen"]
[Site "Denmark"]
[Date "2009.12.06"]
[Round "3.5"]
[White "Andersen, Soren"]
[Black "Rasmussen, Casper Dahl"]
[Result "0-1"]
[WhiteElo "2082"]
[BlackElo "2373"]
[PlyCount "77"]
[EventDate "2009.11.07"]
[EventType "team-tourn"]
[EventRounds "9"]
[WhiteTeam "Aalborg"]
[BlackTeam "K41"]
[WhiteTeamCountry "DEN"]
[BlackTeamCountry "DEN"]

1. d4 d5 2. c4 c6 3. Nf3 Nf6 4. Nc3 dxc4 5. a4 Bf5 6. Ne5 e6 7. f3 c5 8. e4
cxd4 9. exf5 Bb4 10. Bxc4 dxc3 11. Qxd8+ Kxd8 12. O-O cxb2 13. Bxb2 Ke7 14. Nd3
Rc8 15. Rac1 Nc6 16. Nxb4 Nxb4 17. a5 Nfd5 18. Rfe1 Rc6 19. fxe6 fxe6 20. Ba3
Kf6 21. Bb5 Rc2 22. Rxc2 Nxc2 23. Bb2+ Kf7 24. Re4 Rd8 25. Ba4 Ncb4 26. Rg4 g6
27. Rh4 h5 28. g4 Nd3 29. Bd4 N5f4 30. Bxa7 Ne5 31. Kf2 g5 32. Rxh5 Rd2+ 33.
Ke3 Re2+ 34. Kd4 Nxf3+ 35. Kc5 Nxh5 36. gxh5 Rxh2 37. Kb6 g4 38. Kxb7 Ra2 39.
Bc6 0-1

[Event "XtraCon-Skakligaen"]
[Site "Denmark"]
[Date "2009.12.06"]
[Round "3.6"]
[White "Nilsson, Sebastian"]
[Black "Sonderstrup, Bjarne"]
[Result "1-0"]
[WhiteElo "2312"]
[BlackElo "2094"]
[PlyCount "75"]
[EventDate "2009.11.07"]
[EventType "team-tourn"]
[EventRounds "9"]
[WhiteTeam "K41"]
[BlackTeam "Aalborg"]
[WhiteTeamCountry "DEN"]
[BlackTeamCountry "DEN"]

1. e4 c5 2. Nf3 Nc6 3. d4 cxd4 4. Nxd4 Nf6 5. Nc3 e5 6. Ndb5 d6 7. Bg5 a6 8.
Na3 Be6 9. Nc4 Rc8 10. Nd5 Bxd5 11. Bxf6 gxf6 12. Qxd5 Nb4 13. Qd2 d5 14. exd5
Qxd5 15. Qxd5 Nxd5 16. O-O-O Nf4 17. g3 Ne6 18. Nb6 Rc6 19. Nd5 Nc7 20. Nc3
Bh6+ 21. Kb1 Ke7 22. Bh3 Rb8 23. Rd7+ Ke8 24. Ne4 Nb5 25. a4 Nd4 26. Nd6+ Kf8
27. c3 Nb3 28. Bg2 Rb6 29. Rxf7+ Kg8 30. Rxf6 Bg5 31. Bd5+ Kg7 32. Ne8+ Rxe8
33. Rxb6 Nc5 34. b4 Nxa4 35. Rxb7+ Kh8 36. Kc2 Rc8 37. c4 a5 38. Ra1 1-0

[Event "XtraCon-Skakligaen"]
[Site "Denmark"]
[Date "2009.12.06"]
[Round "3.7"]
[White "Kovshoj, Sune"]
[Black "Schmidt, Kristen"]
[Result "0-1"]
[WhiteElo "2037"]
[BlackElo "2281"]
[PlyCount "72"]
[EventDate "2009.11.07"]
[EventType "team-tourn"]
[EventRounds "9"]
[WhiteTeam "Aalborg"]
[BlackTeam "K41"]
[WhiteTeamCountry "DEN"]
[BlackTeamCountry "DEN"]

1. e4 g6 2. f4 Bg7 3. Nc3 c5 4. Nf3 Nc6 5. a4 d6 6. Bc4 e6 7. d3 Nge7 8. O-O
O-O 9. Qe1 d5 10. Ba2 Nb4 11. Bb3 c4 12. dxc4 dxc4 13. Na2 Nd3 14. cxd3 cxb3
15. Nc3 Nc6 16. Qe2 b6 17. Be3 Ba6 18. Nb5 Qd7 19. e5 Bxb5 20. axb5 Nb4 21. d4
Rfc8 22. Rac1 Qd5 23. Bd2 Na2 24. Rb1 Rc2 25. Qd3 Rac8 26. Ne1 R2c4 27. Qxb3
Rxd4 28. Qxd5 Rxd5 29. Ra1 Rxd2 30. Rxa2 Bf8 31. Nf3 Re2 32. Kh1 Rcc2 33. Rxa7
Rxg2 34. Rd1 Rgf2 35. Ne1 Rxh2+ 36. Kg1 Bc5+ 0-1

[Event "XtraCon-Skakligaen"]
[Site "Denmark"]
[Date "2009.12.06"]
[Round "3.8"]
[White "Naes, Flovin Tor"]
[Black "Houlberg, Kim"]
[Result "1/2-1/2"]
[WhiteElo "2262"]
[BlackElo "2047"]
[PlyCount "72"]
[EventDate "2009.11.07"]
[EventType "team-tourn"]
[EventRounds "9"]
[WhiteTeam "K41"]
[BlackTeam "Aalborg"]
[WhiteTeamCountry "DEN"]
[BlackTeamCountry "DEN"]

1. d4 Nf6 2. c4 e6 3. g3 Bb4+ 4. Bd2 Be7 5. Bg2 d5 6. Nf3 O-O 7. Nc3 b6 8. Ne5
Bb7 9. Qa4 c5 10. dxc5 bxc5 11. O-O Qb6 12. cxd5 exd5 13. Rfd1 d4 14. Nc4 Qc7
15. Nb5 Qd7 16. Bxb7 Qxb7 17. Bf4 Nd5 18. Nbd6 Qc7 19. Nb5 Qd7 20. Ne5 Qe6 21.
Qb3 g5 22. e4 Nxf4 23. gxf4 Rc8 24. Qg3 f6 25. Ng4 a6 26. f5 Qd7 27. Na3 h5 28.
Ne3 Bd6 29. Nd5 Bxg3 30. Nxf6+ Kf7 31. Nxd7 Bxh2+ 32. Kxh2 Nxd7 33. Nc4 Kf6 34.
Re1 Re8 35. Rac1 Rab8 36. b3 Ne5 1/2-1/2

[Event "XtraCon-Skakligaen"]
[Site "Denmark"]
[Date "2010.01.09"]
[Round "4.1"]
[White "Hector, Jonny"]
[Black "Rasmussen, Karsten"]
[Result "1-0"]
[WhiteElo "2572"]
[BlackElo "2429"]
[PlyCount "121"]
[EventDate "2009.11.07"]
[EventType "team-tourn"]
[EventRounds "9"]
[WhiteTeam "Nordkalotten"]
[BlackTeam "Aarhus/skolerne"]
[WhiteTeamCountry "DEN"]
[BlackTeamCountry "DEN"]

1. e4 c6 2. d4 d5 3. Nd2 dxe4 4. Nxe4 Bf5 5. Ng3 Bg6 6. Nf3 Nd7 7. h4 h6 8. h5
Bh7 9. Bd3 Bxd3 10. Qxd3 e6 11. Bf4 Qa5+ 12. Nd2 Ngf6 13. Qe2 Nd5 14. Be3 N7f6
15. O-O Be7 16. c4 Nxe3 17. fxe3 c5 18. d5 Qc7 19. Qf3 O-O 20. Nde4 Qe5 21.
Rad1 Rad8 22. Nxf6+ Bxf6 23. b3 Be7 24. dxe6 Qxe6 25. Rd5 b6 26. Rfd1 Rfe8 27.
Nf5 Bg5 28. R1d3 Kh7 29. Kf2 g6 30. Nd6 Rf8 31. e4 Bh4+ 32. Kf1 Bf6 33. Nb5
Rxd5 34. exd5 Qe5 35. Re3 Qb2 36. Re2 Qc1+ 37. Re1 Qg5 38. Nd6 Bg7 39. Ne4 Qh4
40. Ng3 Qd8 41. Re4 Kg8 42. Ne2 b5 43. g3 bxc4 44. bxc4 Qg5 45. Kg2 gxh5 46.
Nf4 h4 47. Nh5 f5 48. Rxh4 Qd2+ 49. Qf2 Qxf2+ 50. Kxf2 Bd4+ 51. Kf3 Kh7 52. Nf4
Be5 53. Rh2 Rb8 54. Re2 Bd6 55. Re6 Rb6 56. Nh5 Ra6 57. Nf6+ Kh8 58. a4 Rb6 59.
a5 Rb3+ 60. Ke2 Bxg3 61. Re7 1-0

[Event "XtraCon-Skakligaen"]
[Site "Denmark"]
[Date "2010.01.09"]
[Round "4.2"]
[White "Sorensen, Jan"]
[Black "Brynell, Stellan"]
[Result "1-0"]
[WhiteElo "2423"]
[BlackElo "2472"]
[PlyCount "41"]
[EventDate "2009.11.07"]
[EventType "team-tourn"]
[EventRounds "9"]
[WhiteTeam "Aarhus/skolerne"]
[BlackTeam "Nordkalotten"]
[WhiteTeamCountry "DEN"]
[BlackTeamCountry "DEN"]

1. e4 e6 2. d4 d5 3. Nd2 c5 4. Ngf3 a6 5. dxc5 Bxc5 6. Bd3 Nc6 7. O-O Nge7 8.
c3 O-O 9. Qe2 Ng6 10. Nb3 Bd6 11. Rd1 dxe4 12. Bxe4 Qc7 13. Be3 e5 14. Ng5 Nce7
15. c4 Nf5 16. c5 Be7 17. Nxh7 Re8 18. Qh5 Nxe3 19. fxe3 Be6 20. Rf1 Nh8 21.
Nf8 1-0

[Event "XtraCon-Skakligaen"]
[Site "Denmark"]
[Date "2010.01.09"]
[Round "4.3"]
[White "Ahlander, Bjorn"]
[Black "Jelling, Erik"]
[Result "1/2-1/2"]
[WhiteElo "2419"]
[BlackElo "2365"]
[PlyCount "48"]
[EventDate "2009.11.07"]
[EventType "team-tourn"]
[EventRounds "9"]
[WhiteTeam "Nordkalotten"]
[BlackTeam "Aarhus/skolerne"]
[WhiteTeamCountry "DEN"]
[BlackTeamCountry "DEN"]

1. d4 d5 2. c4 c6 3. Nc3 Nf6 4. Nf3 a6 5. c5 g6 6. Bf4 Bg7 7. h3 Ne4 8. e3 Nd7
9. Be2 e5 10. Bh2 f5 11. O-O O-O 12. Na4 f4 13. exf4 exf4 14. Re1 Qf6 15. Qc2
Rb8 16. Rad1 Ng5 17. Kh1 Rf7 18. Nxg5 Qxg5 19. Bg4 Nf8 20. Qe2 Bxg4 21. Qxg4
Qxg4 22. hxg4 g5 23. f3 Rd8 24. Bg1 Bf6 1/2-1/2

[Event "XtraCon-Skakligaen"]
[Site "Denmark"]
[Date "2010.01.09"]
[Round "4.5"]
[White "Kristensen, Kaare Hove"]
[Black "Christensen, Tobias"]
[Result "1/2-1/2"]
[WhiteElo "2258"]
[BlackElo "2352"]
[PlyCount "30"]
[EventDate "2009.11.07"]
[EventType "team-tourn"]
[EventRounds "9"]
[WhiteTeam "Nordkalotten"]
[BlackTeam "Aarhus/skolerne"]
[WhiteTeamCountry "DEN"]
[BlackTeamCountry "DEN"]

1. e4 c6 2. d4 d5 3. exd5 cxd5 4. c4 Nf6 5. Nc3 e6 6. c5 Be7 7. Nf3 O-O 8. b4
Ne4 9. Qc2 Bd7 10. Bd3 f5 11. O-O Nc6 12. Rb1 Bf6 13. Ne2 Rc8 14. Bb5 Qe8 15.
Bxc6 Bxc6 1/2-1/2

[Event "XtraCon-Skakligaen"]
[Site "Denmark"]
[Date "2010.01.09"]
[Round "4.6"]
[White "Boe, Mads"]
[Black "Nielsen, Lars Aaes"]
[Result "1/2-1/2"]
[WhiteElo "2326"]
[BlackElo "2248"]
[PlyCount "27"]
[EventDate "2009.11.07"]
[EventType "team-tourn"]
[EventRounds "9"]
[WhiteTeam "Aarhus/skolerne"]
[BlackTeam "Nordkalotten"]
[WhiteTeamCountry "DEN"]
[BlackTeamCountry "DEN"]

1. d4 e6 2. Nf3 Nf6 3. c3 b6 4. Bf4 Ba6 5. Nbd2 Be7 6. e3 Bxf1 7. Nxf1 O-O 8.
Ng3 Nd5 9. Ne2 Nxf4 10. Nxf4 d5 11. Qe2 c5 12. O-O Qc7 13. g3 Nd7 14. e4
1/2-1/2

[Event "XtraCon-Skakligaen"]
[Site "Denmark"]
[Date "2010.01.09"]
[Round "4.7"]
[White "Jakobsen, Peter"]
[Black "Pedersen, Finn"]
[Result "1/2-1/2"]
[WhiteElo "2225"]
[BlackElo "2334"]
[PlyCount "106"]
[EventDate "2009.11.07"]
[EventType "team-tourn"]
[EventRounds "9"]
[WhiteTeam "Nordkalotten"]
[BlackTeam "Aarhus/skolerne"]
[WhiteTeamCountry "DEN"]
[BlackTeamCountry "DEN"]

1. e4 c6 2. d4 d5 3. exd5 cxd5 4. c4 Nf6 5. Nc3 Nc6 6. Bg5 Qa5 7. a3 Ne4 8. Bd2
Nxc3 9. Bxc3 Qd8 10. Qb3 e6 11. Nf3 Be7 12. Bd3 O-O 13. O-O Bf6 14. c5 b6 15.
cxb6 Qxb6 16. Qxb6 axb6 17. Bb5 Na7 18. Be2 Bd7 19. Rfc1 Rfc8 20. Kf1 Bb5 21.
Bd2 Bxe2+ 22. Kxe2 Nb5 23. Be3 Kf8 24. Kd3 Nd6 25. Rxc8+ Rxc8 26. Rc1 Rxc1 27.
Bxc1 Ke7 28. b3 Kd7 29. Be3 Nf5 30. a4 Kc7 31. Bg5 b5 32. g4 Nd6 33. Bf4 bxa4
34. bxa4 Be7 35. Nd2 Kb6 36. Nb3 Nc4 37. Kc2 Bb4 38. Be3 g6 39. h3 f6 40. Bc1
Ka6 41. Kd3 Nb6 42. Bd2 Bd6 43. a5 Nc4 44. Bc3 Kb5 45. Be1 e5 46. f3 Ka4 47.
Nc1 Nxa5 48. Ne2 Nc6 49. Nc3+ Kb3 50. Nxd5 Nxd4 51. Nxf6 Nxf3 52. Bf2 h6 53.
Be3 h5 1/2-1/2

[Event "XtraCon-Skakligaen"]
[Site "Denmark"]
[Date "2010.01.09"]
[Round "4.8"]
[White "Andersen, Jackie"]
[Black "Koch, Soren Andreas"]
[Result "0-1"]
[WhiteElo "2274"]
[BlackElo "2189"]
[PlyCount "102"]
[EventDate "2009.11.07"]
[EventType "team-tourn"]
[EventRounds "9"]
[WhiteTeam "Aarhus/skolerne"]
[BlackTeam "Nordkalotten"]
[WhiteTeamCountry "DEN"]
[BlackTeamCountry "DEN"]

1. c4 e5 2. Nc3 Bb4 3. e3 Nc6 4. Nge2 Nf6 5. Nd5 Be7 6. a3 O-O 7. Nec3 a5 8. g4
d6 9. g5 Nxd5 10. cxd5 Nb8 11. h4 Nd7 12. d4 f5 13. f4 Re8 14. Kf2 c6 15. h5
Bf8 16. Bd3 Nb6 17. h6 g6 18. Bd2 cxd5 19. Rc1 Be6 20. b3 Qb8 21. a4 Be7 22.
Nb5 Rc8 23. Rxc8+ Nxc8 24. Qc2 Ra6 25. Qc7 Qa8 26. Rc1 exf4 27. exf4 Kf7 28.
Na3 Rc6 29. Rxc6 bxc6 30. Bxa5 Qa7 31. Nc2 Qxc7 32. Bxc7 Ke8 33. Nb4 Kd7 34.
Ba5 Na7 35. Ke2 c5 36. dxc5 dxc5 37. Bb6 Nc8 38. Bb5+ Kd6 39. Bxc5+ Kxc5 40.
Nd3+ Kd6 41. Be8 Bg8 42. Ne5 Bxg5 43. fxg5 Kxe5 44. a5 Kd6 45. b4 Kc7 46. b5
Nd6 47. Bc6 Nc4 48. a6 Kb6 49. Bd7 Ne5 50. Be8 d4 51. Kf2 Nf7 0-1

[Event "XtraCon-Skakligaen"]
[Site "Denmark"]
[Date "2010.01.09"]
[Round "4.4"]
[White "Greger, Roland Reinhard"]
[Black "Sorensen, Torben N"]
[Result "0-1"]
[WhiteElo "2382"]
[BlackElo "2423"]
[PlyCount "118"]
[EventDate "2009.11.07"]
[EventType "team-tourn"]
[EventRounds "9"]
[WhiteTeam "K41"]
[BlackTeam "Sydostfyn"]
[WhiteTeamCountry "DEN"]
[BlackTeamCountry "DEN"]

1. e4 c5 2. Nf3 Nc6 3. d4 cxd4 4. Nxd4 g6 5. c4 Bg7 6. Be3 Nf6 7. Nc3 Ng4 8.
Qxg4 Nxd4 9. Qd1 Ne6 10. Qd2 Qa5 11. Rc1 b6 12. Be2 Bb7 13. f3 g5 14. O-O h5
15. Rfd1 Bc6 16. a3 Qe5 17. b4 d6 18. Bf1 h4 19. Nb5 Kf8 20. Nd4 Nxd4 21. Bxd4
Qxd4+ 22. Qxd4 Bxd4+ 23. Rxd4 f6 24. a4 Kf7 25. c5 dxc5 26. bxc5 Rhc8 27. Ba6
Rcb8 28. Bc4+ Kf8 29. Be6 bxc5 30. Rxc5 Rb1+ 31. Kf2 Rb2+ 32. Ke3 Be8 33. Rdc4
Rab8 34. Rc8 R8b3+ 35. Rc3 Rxc3+ 36. Rxc3 Rb6 37. Bb3 a5 38. h3 Rb4 39. Kf2 Bf7
40. Bc2 Rc4 41. Rxc4 Bxc4 42. g3 e5 43. gxh4 gxh4 44. f4 exf4 45. Kf3 Be6 46.
Kxf4 Bxh3 47. e5 Ke7 48. exf6+ Kxf6 49. Bd1 Bd7 50. Ke4 Ke6 51. Kf4 Kd6 52. Bc2
Kc5 53. Bb3 Kb4 54. Bd1 Bxa4 55. Bg4 Bb5 56. Bf5 a4 57. Kg4 a3 58. Bb1 Kc3 59.
Ba2 Bc4 0-1

[Event "XtraCon-Skakligaen"]
[Site "Denmark"]
[Date "2010.01.09"]
[Round "4.5"]
[White "Borbjerggaard, Lars"]
[Black "Rasmussen, Casper Dahl"]
[Result "1/2-1/2"]
[WhiteElo "2335"]
[BlackElo "2373"]
[PlyCount "41"]
[EventDate "2009.11.07"]
[EventType "team-tourn"]
[EventRounds "9"]
[WhiteTeam "Sydostfyn"]
[BlackTeam "K41"]
[WhiteTeamCountry "DEN"]
[BlackTeamCountry "DEN"]

1. d4 d5 2. c4 c6 3. cxd5 cxd5 4. Nf3 Nf6 5. Nc3 Nc6 6. Bf4 a6 7. Rc1 e6 8. e3
Bd6 9. Bxd6 Qxd6 10. Bd3 O-O 11. O-O e5 12. dxe5 Nxe5 13. Nxe5 Qxe5 14. Be2 Rd8
15. Qd4 Qxd4 16. exd4 Bd7 17. Bf3 Bc6 18. Rfe1 Kf8 19. Re5 Rd7 20. g4 Rad8 21.
h3 1/2-1/2

[Event "XtraCon-Skakligaen"]
[Site "Denmark"]
[Date "2010.01.09"]
[Round "4.6"]
[White "Nilsson, Sebastian"]
[Black "Nordenbaek, Jan"]
[Result "1/2-1/2"]
[WhiteElo "2312"]
[BlackElo "2210"]
[PlyCount "78"]
[EventDate "2009.11.07"]
[EventType "team-tourn"]
[EventRounds "9"]
[WhiteTeam "K41"]
[BlackTeam "Sydostfyn"]
[WhiteTeamCountry "DEN"]
[BlackTeamCountry "DEN"]

1. e4 c5 2. Nf3 Nc6 3. d4 cxd4 4. Nxd4 Nf6 5. Nc3 e5 6. Ndb5 d6 7. Bg5 a6 8.
Na3 b5 9. Bxf6 gxf6 10. Nd5 Bg7 11. Bd3 Ne7 12. Nxe7 Qxe7 13. c4 f5 14. O-O O-O
15. Qf3 d5 16. cxd5 fxe4 17. Bxe4 Rb8 18. Rad1 Rb6 19. Qd3 Qd7 20. g3 f5 21.
Bg2 Rh6 22. f4 exf4 23. gxf4 Bxb2 24. Nc2 Bg7 25. Nb4 Qd6 26. Nc6 Bd7 27. Qe2
Re8 28. Qf2 Bf6 29. Kh1 Bh4 30. Qf3 Bf6 31. Rde1 Rxe1 32. Rxe1 Bh4 33. Rf1 Bf6
34. Re1 Bh4 35. Rg1 Bf6 36. Qe3 Rg6 37. Ne5 Rg7 38. Bf3 Bc8 39. Rxg7+ Bxg7
1/2-1/2

[Event "XtraCon-Skakligaen"]
[Site "Denmark"]
[Date "2010.01.09"]
[Round "4.7"]
[White "Nohr, Finn"]
[Black "Schmidt, Kristen"]
[Result "1-0"]
[WhiteElo "2079"]
[BlackElo "2281"]
[PlyCount "91"]
[EventDate "2009.11.07"]
[EventType "team-tourn"]
[EventRounds "9"]
[WhiteTeam "Sydostfyn"]
[BlackTeam "K41"]
[WhiteTeamCountry "DEN"]
[BlackTeamCountry "DEN"]

1. e4 c5 2. Nf3 e6 3. d4 cxd4 4. Nxd4 Nf6 5. Nc3 Nc6 6. Ndb5 d6 7. Bf4 e5 8.
Bg5 a6 9. Na3 b5 10. Bxf6 gxf6 11. Nd5 f5 12. Bxb5 axb5 13. Nxb5 Ra7 14. Nxa7
Qa5+ 15. c3 Qxa7 16. O-O Be7 17. b4 fxe4 18. b5 Nb8 19. b6 Qd7 20. Qe2 Qg4 21.
Qc4 Rg8 22. Ne3 Qd7 23. Qxe4 f5 24. Qc4 Kf8 25. Qc7 Qxc7 26. bxc7 Na6 27. Nd5
Ke8 28. Rfb1 Kd7 29. Rb8 Bg5 30. Rab1 e4 31. Ra8 f4 32. Rbb8 Nxc7 33. Nb6+ Kc6
34. Nxc8 Rg6 35. Ra4 e3 36. Kf1 Nd5 37. Rc4+ Kd7 38. Nb6+ Ke6 39. Re8+ Kf7 40.
Rb8 Ne7 41. Rb7 Re6 42. Nd5 e2+ 43. Ke1 f3 44. Nf4 Rf6 45. Rxe7+ Kxe7 46. Nd5+
1-0

[Event "XtraCon-Skakligaen"]
[Site "Denmark"]
[Date "2010.01.09"]
[Round "4.8"]
[White "Christensen, Bo Garner"]
[Black "Andersen, Arne"]
[Result "1-0"]
[WhiteElo "2280"]
[BlackElo "2075"]
[PlyCount "51"]
[EventDate "2009.11.07"]
[EventType "team-tourn"]
[EventRounds "9"]
[WhiteTeam "K41"]
[BlackTeam "Sydostfyn"]
[WhiteTeamCountry "DEN"]
[BlackTeamCountry "DEN"]

1. e4 c6 2. c4 d5 3. cxd5 cxd5 4. exd5 Qxd5 5. Nc3 Qa5 6. Bc4 Nf6 7. Nf3 e6 8.
O-O Nbd7 9. Re1 a6 10. d4 Qc7 11. Qe2 Nb6 12. Bb3 Bb4 13. Bg5 O-O 14. Rac1 Qd8
15. Ne5 Be7 16. Bc2 Nbd5 17. Nxd5 Nxd5 18. Qh5 g6 19. Nxg6 Bxg5 20. Ne7+ Kg7
21. Qxg5+ Kh8 22. Qh6 f5 23. Ng6+ Kg8 24. Nxf8 Qxf8 25. Qxf8+ Kxf8 26. Bb3 1-0

[Event "XtraCon-Skakligaen"]
[Site "Denmark"]
[Date "2010.01.09"]
[Round "4.1"]
[White "Matthiesen, Arne"]
[Black "Bromann, Thorbjorn"]
[Result "1/2-1/2"]
[WhiteElo "2322"]
[BlackElo "2434"]
[PlyCount "53"]
[EventDate "2009.11.07"]
[EventType "team-tourn"]
[EventRounds "9"]
[WhiteTeam "SK1968"]
[BlackTeam "Bronshoj"]
[WhiteTeamCountry "DEN"]
[BlackTeamCountry "DEN"]

1. d4 e6 2. Nf3 f5 3. g3 Nf6 4. Bg2 d5 5. O-O Bd6 6. c4 c6 7. Nc3 O-O 8. Qc2
Ne4 9. Rb1 Nd7 10. b4 b5 11. cxb5 Nxc3 12. Qxc3 cxb5 13. Bg5 Qb6 14. Rfc1 Bb7
15. Qe3 Rfe8 16. Bf4 Bf8 17. Ne1 Rac8 18. Nd3 Rc4 19. Nc5 Nxc5 20. bxc5 Qa6 21.
Qd2 Bc6 22. Be5 Ra4 23. Rc2 Qa5 24. Qxa5 Rxa5 25. e3 Ra4 26. Bf1 a6 27. Rcb2
1/2-1/2

[Event "XtraCon-Skakligaen"]
[Site "Denmark"]
[Date "2010.01.09"]
[Round "4.2"]
[White "Hoi, Carsten"]
[Black "Matthiesen, Martin"]
[Result "1/2-1/2"]
[WhiteElo "2393"]
[BlackElo "2295"]
[PlyCount "82"]
[EventDate "2009.11.07"]
[EventType "team-tourn"]
[EventRounds "9"]
[WhiteTeam "Bronshoj"]
[BlackTeam "SK1968"]
[WhiteTeamCountry "DEN"]
[BlackTeamCountry "DEN"]

1. Nf3 Nf6 2. c4 e6 3. e3 c5 4. Nc3 d5 5. d4 Nc6 6. cxd5 exd5 7. Bb5 Bd6 8.
dxc5 Bxc5 9. O-O O-O 10. b3 Re8 11. Bb2 Bg4 12. Ne2 Ne4 13. Ned4 Qf6 14. Be2
Bxf3 15. Bxf3 Nxd4 16. Bxd4 Bxd4 17. exd4 Rac8 18. Qd3 Rc3 19. Qb5 Qc6 20. Qxc6
Rxc6 21. Rfe1 Kf8 22. Re2 Rec8 23. g4 Rc2 24. Rae1 Rxe2 25. Rxe2 Rc1+ 26. Kg2
Ra1 27. Rc2 g5 28. Bxe4 dxe4 29. f3 Rd1 30. fxe4 Rxd4 31. Rc7 Rxe4 32. Rxb7
Re2+ 33. Kg3 Rxa2 34. h4 h6 35. hxg5 hxg5 36. b4 Ra3+ 37. Kf2 Kg7 38. b5 Ra4
39. Kf3 Kf6 40. b6 axb6 41. Rxb6+ Kg7 1/2-1/2

[Event "XtraCon-Skakligaen"]
[Site "Denmark"]
[Date "2010.01.09"]
[Round "4.4"]
[White "Carstensen, Jacob"]
[Black "Hansen, Lars"]
[Result "0-1"]
[WhiteElo "2317"]
[BlackElo "2209"]
[PlyCount "104"]
[EventDate "2009.11.07"]
[EventType "team-tourn"]
[EventRounds "9"]
[WhiteTeam "Bronshoj"]
[BlackTeam "SK1968"]
[WhiteTeamCountry "DEN"]
[BlackTeamCountry "DEN"]

1. d4 g6 2. c4 Bg7 3. e4 c5 4. d5 d6 5. Nc3 Nf6 6. Nf3 O-O 7. Be2 e6 8. dxe6
Bxe6 9. Bf4 Qb6 10. Qc2 Nc6 11. Rd1 Rfe8 12. O-O Nxe4 13. Qxe4 Qxb2 14. Nb5 Bf5
15. Qd5 Rxe2 16. Nxd6 Be6 17. Qxc5 Qxa2 18. Ng5 Qb2 19. Be3 Qe5 20. Nxe6 Qxe6
21. Nxb7 Ne5 22. Nd8 Qe8 23. Qd5 Rc8 24. c5 Ng4 25. Bg5 h6 26. Bh4 Nf6 27. Qf3
g5 28. Nb7 Qe4 29. Bg3 Qxf3 30. gxf3 Rb2 31. Rb1 Nd7 32. Rxb2 Bxb2 33. Rb1 Be5
34. Rd1 Bxg3 35. Rxd7 Bf4 36. Kg2 Rc7 37. Rd8+ Kg7 38. Nd6 Rxc5 39. Ne8+ Kg6
40. Ra8 Ra5 41. h3 Ra6 42. Kf1 Re6 43. Rxa7 Rxe8 44. Ra2 Rd8 45. Ke1 Kh5 46.
Kf1 Kh4 47. Kg2 Rd2 48. Ra6 Bd6 49. Rc6 Kh5 50. Rc4 f6 51. Kf1 Be5 52. Ke1 Rd4
0-1